00490nam a2200145 i 4500001000700000003000900007005001700016008004100033110005300074245008100127260003900208300002100247610005300268852002300321183741ES-MaACL20230906221948.0141008s1842 xxk |||| | eng d2 aRoyal Medical and Chirurgical Society of London.10aCharter and bye-laws of The Royal Medical and Chirurgical Society of London. aLondon : bRichard Kinder, c1842. a31 p. ; c20 cm.24aRoyal Medical and Chirurgical Society of London.4 aES-MaACLjT-16-F-4